书目信息 |
| 题名: |
化工系统工程理论与实践
|
|
| 作者: | 王健红 , 冯树波 , 杜增智 编著 | |
| 分册: | ||
| 出版信息: | 北京 化学工业出版社 2009.8 |
|
| 页数: | 200页 | |
| 开本: | 26cm | |
| 丛书名: | ||
| 单 册: | ||
| 中图分类: | TQ021.8 | |
| 科图分类: | ||
| 主题词: | 化学工程--系统工程 | |
| 电子资源: | ||
| ISBN: | 978-7-122-05995-6 | |
| 000 | 01122nam0 2200253 45 | |
| 001 | 1360574624 | |
| 005 | 20130530160857.81 | |
| 010 | @a978-7-122-05995-6@dCNY38.00 | |
| 100 | @a20130513d2009 em y0chiy0110 ea | |
| 101 | 0 | @achi |
| 102 | @aCN@b110000 | |
| 105 | @aak z 000yy | |
| 106 | @ar | |
| 200 | 1 | @a化工系统工程理论与实践@AHua Gong Xi Tong Gong Cheng Li Lun Yu Shi Jian@f王健红,冯树波,杜增智编著@FWang Jian Hong, Feng Shu Bo, Du Zeng Zhi Bian Zhu |
| 210 | @a北京@c化学工业出版社@d2009.8 | |
| 215 | @a200页@c图表@d26cm | |
| 330 | @a本书力图深刻地、相对完整地介绍化工系统工程的理论与实践。撰写本书的主要目的是为初学者提供正确的入门之路、避免陷入误区;为具有一定实践经验的工程师和教师提供深入思考的机会,纠正工作中习惯性的不适当观念,明确某些方法论层面上的基本概念;为从事流程模拟与优化核心技术工作的专业研发人员提供一些算法或理论层面上的具体帮助。 | |
| 606 | 0 | @a化学工程@x系统工程 |
| 690 | @aTQ021.8@v5 | |
| 701 | 0 | @a王健红@AWang Jian Hong@4编著 |
| 701 | 0 | @a冯树波@AFeng Shu Bo@4编著 |
| 701 | 0 | @a杜增智@ADu Zeng Zhi@4编著 |
| 801 | @aCN@bTANGWEI@c20130523 | |
| 905 | @b0835666-69@dTQ021.8@e215@f4 | |
| 化工系统工程理论与实践/王健红,冯树波,杜增智编著.-北京:化学工业出版社,2009.8 |
| 200页:图表;26cm |
| ISBN 978-7-122-05995-6:CNY38.00 |
| 本书力图深刻地、相对完整地介绍化工系统工程的理论与实践。撰写本书的主要目的是为初学者提供正确的入门之路、避免陷入误区;为具有一定实践经验的工程师和教师提供深入思考的机会,纠正工作中习惯性的不适当观念,明确某些方法论层面上的基本概念;为从事流程模拟与优化核心技术工作的专业研发人员提供一些算法或理论层面上的具体帮助。 |
| ● |
| 相关链接 |
|
|
|
|
正题名:化工系统工程理论与实践
索取号:TQ021.8/215
 
预约/预借
| 序号 | 登录号 | 条形码 | 馆藏地/架位号 | 状态 | 备注 |
| 1 | 0835666 | 208356660 | 第二样本阅览室/ [索取号:TQ021.8/215] | 在馆 | |
| 2 | 0835667 | 208356679 | 密集书库-化学系/ [索取号:TQ021.8/215] | 在馆 | |
| 3 | 0835668 | 208356688 | 第三借阅区/ [索取号:TQ021.8/215] | 在馆 | |
| 4 | 0835669 | 208356697 | 第三借阅区/ [索取号:TQ021.8/215] | 在馆 |